000 00722cam a2200265 i 4500
001 000018330
003 DO-SdBNP
005 20240619093915.0
008 240619s2023 sp b 100 0 spa
040 _aDO-SdBNP
_bspa
_cBNPHU
_erda
082 _bL488m
_222
100 _aLefebrve, Gaspar
_eautor
_985707
111 _939705
245 1 0 _aMisa dialogada por los fieles /
_cGaspar Lefebrve
264 _aCiudad Trujillo :
_bFranciscana,
_c1923
300 _a32 paginas. ;
_c15 cm.
336 _2rdacontent
_atexto
_btxt
337 _2rdamedia
_asin mediación
_bn
338 _2rdacarrier
_avolumen
_bnc
590 _aInventariado,2024/DG
650 _939706
710 _939707
910 _aDG
942 _2ddc
_cLF2
999 _c56887
_d56887